Cesty ze dna : zpovědi sportovců, kteří porazili svůj osud /
Čtrnáct příběhů, čtrnáct upřímných zpovědí osobností ze světa českého sportu, které se ve svém životě i kariéře vyrovnávaly s těžkými překážkami.
Uloženo v:
| Hlavní autor: | |
|---|---|
| Další autoři: | , , , , , , |
| Médium: | E-kniha |
| Jazyk: | Czech |
| Vydáno: |
Praha :
Czech News Center a.s.,
2024
|
| Vydání: | První vydání |
| Edice: | Sport (Czech News Center)
|
| Témata: | |
| Tagy: |
Žádné tagy |
| LEADER | 03210nam a2200637 i 4500 | ||
|---|---|---|---|
| 001 | 312647 | ||
| 003 | CZ PrSKC | ||
| 005 | 20260601215726.0 | ||
| 007 | ta | ||
| 008 | 241206s2024 xr c e 000 0dcze | ||
| 015 | |a cnb003653722 | ||
| 020 | |a 9788053030038 |q (vázáno) | ||
| 035 | |a (OCoLC)1498301396 | ||
| 040 | |a BOA001 |b cze |e rda | ||
| 043 | |a e-xr--- | ||
| 045 | |a x-y- | ||
| 072 | 7 | |a 796 |x Sport. Hry. Tělesná cvičení |2 Konspekt | |
| 072 | 7 | |a 929 |x Biografie |2 Konspekt | |
| 080 | |a 796.071.2 |2 MRF | ||
| 080 | |a 796.071.2-055.2 |2 MRF | ||
| 080 | |a 614.8.02/.06:796/799 |2 MRF | ||
| 080 | |a 929 |2 MRF | ||
| 080 | |a (437.3) |2 MRF | ||
| 080 | |a (0:82-94) |2 MRF | ||
| 100 | 1 | |a Hartman, Pavel, |d 1966- |7 xx0038448 |4 aut | |
| 245 | 1 | 0 | |a Cesty ze dna : |b zpovědi sportovců, kteří porazili svůj osud / |c autoři: Pavel Hartman, Martin Hašek, Štěpán Filípek, Miroslav Horák, Zdeněk Janda, Marián Šustr, Jakub Plaskura a Jaroslav Kalina |
| 250 | |a První vydání | ||
| 264 | 1 | |a Praha : |b Czech News Center a.s., |c 2024 | |
| 300 | |a 237 stran : |b portréty ; |c 23 cm | ||
| 336 | |a text |b txt |2 rdacontent | ||
| 337 | |a bez média |b n |2 rdamedia | ||
| 338 | |a svazek |b nc |2 rdacarrier | ||
| 490 | 1 | |a Sport | |
| 520 | 2 | |a Čtrnáct příběhů, čtrnáct upřímných zpovědí osobností ze světa českého sportu, které se ve svém životě i kariéře vyrovnávaly s těžkými překážkami. |b Ať už to byly vážné zdravotní trable, málem osudová zranění, a dokonce i hrozba smrti, nebo vyhoření, nepřízeň veřejnosti, předsudky či finanční problémy. Eva Adamczyková, Petr Čech, Gabriela Soukalová a další svou cestu ze dna zvládli a mohou být inspirací všem, které potkalo něco podobného jako je. Nakladatelská anotace. Kráceno. | |
| 648 | 7 | |a 20.-21. století |7 ch462155 |2 czenas | |
| 650 | 0 | 7 | |a sportovci |7 ph125942 |z Česko |y 20.-21. století |2 czenas |
| 650 | 0 | 7 | |a sportovkyně |7 ph221999 |z Česko |y 20.-21. století |2 czenas |
| 650 | 0 | 7 | |a sportovní úrazy |7 ph158518 |y 20.-21. století |2 czenas |
| 650 | 0 | 9 | |a sportsmen |z Czechia |y 20th-21st centuries |2 eczenas |
| 650 | 0 | 9 | |a sportswomen |z Czechia |y 20th-21st centuries |2 eczenas |
| 650 | 0 | 9 | |a sports accidents |y 20th-21st centuries |2 eczenas |
| 655 | 7 | |a medailony |7 fd185951 |2 czenas | |
| 655 | 9 | |a biographical portraits |2 eczenas | |
| 700 | 1 | |a Hašek, Martin, |d 1976- |7 jn20010310042 |4 aut | |
| 700 | 1 | |a Filípek, Štěpán, |d 1977- |7 mzk2006355789 |4 aut | |
| 700 | 1 | |a Horák, Miroslav |7 xx0327155 |4 aut | |
| 700 | 1 | |a Janda, Zdeněk |7 xx0327154 |4 aut | |
| 700 | 1 | |a Šustr, Marián |7 xx0327153 |4 aut | |
| 700 | 1 | |a Plaskura, Jakub |7 xx0327152 |4 aut | |
| 700 | 1 | |a Kalina, Jaroslav |7 xx0327151 |4 aut | |
| 830 | 0 | |a Sport (Czech News Center) | |
| 900 | |a ABA001 |b 19 | ||
| 044 | |a xr | ||
| 910 | |a RBIT002 | ||
| 998 | |d 417516 |a https://core.palmknihy.cz/api/books/417516/cover?ss8rf2 |b https://core.palmknihy.cz/api/books/417516/cover/400?ss8rf2 |c https://core.palmknihy.cz/api/books/417516/cover/50?ss8rf2 |e |g 240 |i 9788053030038 |j https://core.palmknihy.cz/api/books/417516/preview.epub |k https://core.palmknihy.cz/api/books/417516/preview.pdf |l |q 49 |r 1 |s https://www.palmknihy.cz/kniha/417516 |t ebook |y 2024 |z 0 | ||
| 999 | |d 312645 | ||